000 00309nam a22001337a 4500
008 171006b xxu||||| |||| 00| 0 eng d
020 _a087484813-X
041 _aeng
080 _a159.9
100 _a49
101 _aPSI
245 _aSTATISTICS FOR THE BEHAVIORAL SCIENCES
_cTHORNE,B.M
942 _2udc
_cBK
999 _c32259
_d32259